000 00962nam a2200253 a 4500
001 000037649
005 20201002031110.0
008 121023s200u pr 000 0 spa d
040 _aDO-SdBNP
_bspa
_cBNPHU
082 _aPR864.509
_bH831LzR
100 1 _aReyes Dávila, Marcos
_963317
245 1 0 _aHostos :
_bLas luces peregrinas /
_cMarcos Reyes Dávila.
260 _aHumacao, Puerto Rico :
_bUniversidad de Puerto Rico en Humacao,
_c[20uu].
300 _a332 p. ;
_c22 cm.
490 1 _aRevista EXÉGESIS
590 _aLa biblioteca posee un ejemplar autografiado por el autor.
600 1 4 _aHOSTOS Y BONILLA, EUGENIO MARÍA DE,
_d1839-1903
_xCRÍTICA E INTERPRETACIÓN
_954187
650 4 _aEnsayos puertorriqueños
_98892
650 4 _aLiteratura puertorriqueña
_9250
650 4 _aIntelectuales
_zPuerto Rico
_yENSAYOS, CONFERENCIAS, ETC.
_964122
830 0 _aRevista EXÉGESIS
_964123
910 _aValidado. Control de calidad EMS
049 _aBNPD
999 _c37139
_d37139